Quick Pick: 2000s Disney Quiz Stats

 Plays Quiz Updated Dec 13, 2017

Score 0/11 Timer 01:00
3 Plays Today
% Correct
Lilo & Stitch
73.2%
Bolt
70.3%
The Emperor's New Groove
69.3%
Chicken Little
68.2%
Brother Bear
67.3%
The Princess and the Frog
62.2%
Atlantis: The Lost Empire
56.2%
Meet the Robinsons
49.6%
Dinosaur
46.8%
Home on the Range
45.9%
Treasure Planet
40.7%

Today's Daily Dose

Missing Word
Arizona A-Z

Word Ladder
Greek Letters II

Get the Picture
US National Parks

You're not logged in!

Compare scores with friends on all Sporcle quizzes.
OR
Log In

You Might Also Like...

Show Comments

Extras

Top Quizzes Today


Score Distribution

Your Account Isn't Verified!

In order to create a playlist on Sporcle, you need to verify the email address you used during registration. Go to your Sporcle Settings to finish the process.

Report this User

Report this user for behavior that violates our Community Guidelines.

Details: